Регионална библиотека "Любен Каравелов" - Русе

Мексико, Мексико... (Запис номер 164685)

MARC детайли
000 -Лидер
Контролно поле с фиксирана дължина nam a22 a 4500
003 - Код на организацията, давaща контролен номер
Контролно поле BLK
005 - Дата и час на последна редакция
Контролно поле 20230506024440.0
008 - Елементи от данни с фиксирана дължина
fixed length control field 180410b bul|||||r ||||||| ||bul||
010 ## - Наследен системен номер
LC control number KNG00172224000
020 ## - Международен стандартен номер на книга ISBN
Международен стандартен номер на книга ISBN 954-8043-05-X
040 ## - Източник на каталожния запис
Идентификатор на билиотеката - собственик на записа BLK
041 ## - Код за език
Код за езика на текст/звукозапис или на отделно заглавие Български
Код за езика КДБФ Български
080 ## - УДК
Текстов определител УДК Английска литература
УДК код - определител по УДК 821.111
УДК определител -31
УДК - код + определител 821.111-31
100 1# - Редна дума - Автор
Автор Рид, Томас Майн
Дати, свързани с автора 1818-1883
Авторска отговорност първи автор
R(LIN) 365222
139 ## - Редно поле
Редна дума Рид, Томас Майн
Авторски знак Рид - Р 59
245 10 - Сведения за заглавието
Заглавие Мексико, Мексико...
Подзаглавни данни Романи за юноши
Редно поле (дума) Томас Майн Рид; прев. от англ. Ставри Флоров.
257 ## - Страна на издаване
Страна на създаване/издаване Великобритания
260 ## - Област на издателските данни
Място на издаване, разпространение и проч. София
Име на издателя, разпространителя и проч. Детелина 6
Година на издаване 1992
300 ## - Физическа характеристика
Страници 216 с.
Размери/Мащаб 20 см
380 ## - Жанр
Жанр Худож. лит.
490 ## - СЕРИИ (Колекции)
Име на серия Библиотека Диви истории
9 (RLIN) 207834
500 ## - Общи забележки
Забележка Без сведение за ориг. загл. - В кн. означено 2. изд. ; Съдържа: Самотно жилище ; Борци за свобода
700 1# - Други автори (авторска отговорност)
Лично име Флоров, Ставри
Автороска отговорност (Описва отношението между автора и произведението) прев. от англ.
9 (RLIN) 381815
852 ## - Местоположение
Форматна сигнатура Цб 171246
Фондова буква Хранилище
856 4# - Електронен адрес и достъп
Електронен формат pdf - файл
Инструкция (цена за достъп) 0.00
Права за достъп disable
856 4# - Електронен адрес и достъп
Електронен формат pdf - файл
Инструкция (цена за достъп) 0.00
Права за достъп disable
999 ## - СИСТЕМНИ КОНТРОЛНИ НОМЕРА
Koha biblionumber 164685
Koha biblioitemnumber 164685
942 ## - АРТИКУЛИ
Вид на библиотечния материал Книги
Скрит в OPAC Не
Периодичен библиозапис Да
944 ## - СЪЗДАВАНЕ И РЕДАКЦИЯ на ЗАПИСА
Създаване/Редакция Създаване
Дата на регистрацията/редакция 26.02.2015
Служител, извършил регистрацията/редакцията Симона_Петрова
944 ## - СЪЗДАВАНЕ И РЕДАКЦИЯ на ЗАПИСА
Създаване/Редакция Редакция
Дата на регистрацията/редакция 26.02.2015
Служител, извършил регистрацията/редакцията Симона_Петрова
999 ## - СИСТЕМНИ КОНТРОЛНИ НОМЕРА
Koha biblioitemnumber 164685
Наличности
Код за отписване Код за изгубен артикул Източник на класификационната схема Код за повреда Коз за рестрикции Код за отдаване Артикулен № Име на библиотеката - собственик Име на библиотеката, в която се намира в момента Статус (Текущо местоположение) Дата на вписване в системата Местоположение - отдел Цена в лева Инвентарен номер Систематично азбучна сигнатура Баркод Номер на екземпляра Цена в евро Служебна бележка Служебен тип на артикула Бележка за публиката
  Не е изгубен Universal Decimal Classification Не е повреден без рестрикции ползва се в читалня 277133 Регионална библиотека "Любен Каравелов" Русе Регионална библиотека "Любен Каравелов" Русе Хранилище 1992-01-01 Хранилище 0.52 576094 Цб 171246 120000576094 1 0.27 Дост: Dp Вид: Д N: стар фонд Дата: 01.01.1992 Книги  
Изтеглен Не е изгубен Universal Decimal Classification Не е повреден без рестрикции заемане за дома 277134 Регионална библиотека "Любен Каравелов" Русе Регионална библиотека "Любен Каравелов" Русе Заемна - подръчен фонд 1992-01-01 Заемна - подръчен фонд 1.05 577605 П 820-31/Р 59 577605 2 0.54 Дост: Pk Вид: Ф N: стар фонд Дата: 01.01.1992 Книги  
Изтеглен Не е изгубен Universal Decimal Classification Не е повреден без рестрикции заемане за дома 277135 Регионална библиотека "Любен Каравелов" Русе Регионална библиотека "Любен Каравелов" Русе Заемна - подръчен фонд 1992-01-01 Заемна - подръчен фонд 1.05 577606 П 820-31/Р 59 577606 3 0.54 Дост: Pk Вид: Ф N: стар фонд Дата: 01.01.1992 Книги  
Изтеглен Не е изгубен   Не е повреден без рестрикции заемане за дома 277136 Регионална библиотека "Любен Каравелов" Русе Регионална библиотека "Любен Каравелов" Русе   1998-01-01 Детски отдел 0.96 577607 ДХ 820/899/Р 59 577607 4 0.49 Дост: Pk Вид: Ф N: стар фонд Дата: 01.01.1998 Дата инв: 14.09.2015 Бележки инв: Д2015 Книги Отч.N: 47/2017 , Дата: 05.10.2017
Изтеглен Не е изгубен Universal Decimal Classification Не е повреден без рестрикции заемане за дома 277137 Регионална библиотека "Любен Каравелов" Русе Регионална библиотека "Любен Каравелов" Русе Детски отдел 1998-01-01 Детски отдел 1.05 577608 ДХ 820/899/Р 59 577608 5 0.54 Дост: Pk Вид: Ф N: стар фонд Дата: 01.01.1998 Дата инв: 14.09.2015 Бележки инв: Д2015 Книги  
Vip Innovations Ltd, Rousse, Bulgaria 2025